Представление документа в формате MARC21

ПолеНазваниеЗначение
  Тип записи a
  Библиографический уровень m
001 Контрольный номер RU/URAIT/585270
005 Дата корректировки 20260429163653.2
008 Кодируемые данные 260429s2026 RU y f j 000 0 rus u
020 Индекс ISBN __
a ISBN 978-5-534-11972-5
c Цена, тираж 849.00
040 Источник каталогиз. __
a Служба первич. каталог. ИКО Юрайт
c Служба, преобразующая запись ИКО Юрайт
e Правила каталог. RCR
041 Код языка издания __
a Код языка текста rus
044 Код страны публикации __
a Код страны публикации RU
080 Индекс УДК __
a Индекс УДК 621.01(075.8)
084 Индекс другой классификации/Индекс ББК __
2 Источник индекса rubbk
a Индекс другой классификации/Индекс ББК 34.41я73
100 Автор __
a Автор Чусовитин Н. А.
q Полное имя Чусовитин Николай Анатольевич
245 Заглавие __
a Заглавие Теория механизмов и машин
b Продолж. заглавия учебник для вузов
c Ответственность Н. А. Чусовитин, В. П. Гилета, Ю. В. Ванаг.
250 Сведения об издании __
g пер. и доп
a Основные сведения об издании 2-е изд.
256 Характеристики компьютерного файла __
a Характеристики компьютерного файла Электрон. дан.
260 Выходные данные __
a Место издания Москва
b Издательство Юрайт
c Дата издания 2026
300 Физическое описание __
a Объем 177 с
440 Серия __
a Серия Высшее образование
500 Примечания __
a Примечание URL: https://urait.ru/bcode/585270 (дата обращения: 29.04.2026).
520 Аннотация __
a Аннотация Современные требования к подготовке специалистов в машиностроении ставят задачу эффективного использования вычислительной техники в учебном процессе. Будущий специалист должен овладеть навыками использования вычислительной техники и основами вычислительной математики, уметь эффективно применять их при решении комплекса задач анализа и проектирования механизмов и машин. Курс поможет усовершенствовать методики курсового проектирования за счет его повышения уровня научно-исследовательской направленности выполнения работ, умелого сочетания индивидуального и коллективного труда студентов, обоснованного применения вычислительной техники и современных методов исследования. Курс содержит распространенные математические планы и основы математического редактора MathCad.
538 Прим. о системных особенностях __
a Прим. о системных особенностях Режим доступа: Электронно-библиотечная система Юрайт, для авториз. пользователей
653 Ключевые слова __
a Ключевые слова Машины, машиностроение и приборостроение
653 Ключевые слова __
a Ключевые слова Технические науки
653 Ключевые слова __
a Ключевые слова Теория механизмов и машин
653 Ключевые слова __
a Ключевые слова Теория машин и механизмов
653 Ключевые слова __
a Ключевые слова Машины, агрегаты и процессы
653 Ключевые слова __
a Ключевые слова Теория механизмов и машин в авиастроении
653 Ключевые слова __
a Ключевые слова Динамика механизмов и машин
653 Ключевые слова __
a Ключевые слова Основы теории машин и механизмов
653 Ключевые слова __
a Ключевые слова Динамика машин и механизмов
653 Ключевые слова __
a Ключевые слова Теория расчета механизмов в автомобилях
653 Ключевые слова __
a Ключевые слова Технологические машины и механизмы
700 Другие авторы __
a Другие авторы Гилета В. П.
q Полное имя Гилета Владимир Павлович
700 Другие авторы __
a Другие авторы Ванаг Ю. В.
q Полное имя Ванаг Юлия Валерьевна
856 Электронный адрес документа 40
n Местонахождение сервера Юрайт
g Электронная книга
q Тип электронного формата html
h Имя пользователя ЮРАЙТ
v Часы доступа к ресурсу 20271231
2 Способ доступа Показать документ
x Служебное примечание https://urait.ru/book/cover/B19D0A70-2D47-40F6-9E96-9878B80FA4E4
u URL https://urait.ru/bcode/585270
856 Электронный адрес документа 48
q Тип электронного формата cover
u URL https://urait.ru/book/cover/B19D0A70-2D47-40F6-9E96-9878B80FA4E4
911 __
u 0030=https://urait.ru/bcode/585270
911 __
u 073a=9785534119725
u 073d=849.00
911 __
u 106a=s
911 __
u 900l=
952 Тип литературы __
i Дисциплина Теория механизмов и машин
952 Тип литературы __
i Дисциплина Теория машин и механизмов
952 Тип литературы __
i Дисциплина Машины, агрегаты и процессы
952 Тип литературы __
i Дисциплина Теория механизмов и машин в авиастроении
952 Тип литературы __
i Дисциплина Динамика механизмов и машин
952 Тип литературы __
i Дисциплина Основы теории машин и механизмов
952 Тип литературы __
i Дисциплина Динамика машин и механизмов
952 Тип литературы __
i Дисциплина Теория расчета механизмов в автомобилях
952 Тип литературы __
i Дисциплина Технологические машины и механизмы